Geometry Dash - Statistics

General Stats
  • This quiz has been taken 23 times
  • The average score is 8 of 15
Answer Stats
Hint Answer % Correct
Smallest Main Update 1.2
90%
Woah It's _____ Wulzy
85%
Future 16* Level; Level 23 Explorers
80%
What Update could you add text in levels. (A object) 2.0
70%
1# Creator on the Creators Leaderboard YunHaSeu14
70%
Geometry Dash Birthday Month August
65%
Player known for hosting megacollabs and contests Viprin
65%
Player known for making Infamous levels that are way harder than their rating says. (Sidestep, Crystal Essence) Chase
50%
Winning Entry in the 2-Path Gauntlet Contest Change of Scene
45%
Subwoofer Level where you explore Paris Espionage
30%
Name of a Completely Randomized level in 2.1. Made by GD Colon + 2 others. The World Machine
30%
Name One of the three players that have 27 Digits Zoroa, MrSpaghetti, Mulpan
25%
Veteran Player that quit the game because of a 9* PG1004
20%
2nd Place on the World Gauntlet Contest Planet X
15%
Name of RobTop's Deleted Level that had been thought to have move triggers. Spike Spike
15%
No matching quizzes found
Score Distribution
Percent of People with Each Score
Percentile by Number Answered
Your Score History
You have not taken this quiz